Kontrolní řád poznámkové vydání zákona s úryvky důvodové zprávy, vzory a vybranou judikaturou

Salvato in:
Dettagli Bibliografici
Autore principale: Dvorská, Olga
Natura: Libro
Lingua:ceco
Pubblicazione: Praha Linde Praha 2013
Soggetti:
Tags: Aggiungi Tag
Nessun Tag, puoi essere il primo ad aggiungerne!!

MARC

LEADER 00000nam a2200000 4500
001 0185527
005 20221207093624.0
020 |a 978-80-7201-902-1 
041 0 |a cze 
044 |a CZ 
245 1 0 |a Kontrolní řád  |b poznámkové vydání zákona s úryvky důvodové zprávy, vzory a vybranou judikaturou  |c Olga Dvorská 
264 1 |a Praha  |b Linde Praha  |c 2013 
300 |a 207 s. 
610 2 0 |a kontrola 
610 2 0 |a súdy 
610 2 0 |a správa štátna 
610 2 0 |a Česko 
100 1 |a Dvorská, Olga